Countries with the highest elevation - Statistics

General Stats
  • This quiz has been taken 27 times
  • The average score is 6 of 10
Answer Stats
Highest Altitude Above Sea Level Answer % Correct
10,712 Feet Nepal
96%
10,671 Feet Bhutan
83%
6,138 Feet Chile
71%
6,037 Feet China
67%
9,806 Feet Kyrgyzstan
63%
6,181 Feet Afghanistan
54%
10,453 Feet Tajikistan
54%
6,549 Feet Andorra
50%
5,879 Feet Armenia
50%
7,090 Feet Lesotho
33%
No matching quizzes found
Score Distribution
Percent of People with Each Score
Percentile by Number Answered
Your Score History
You have not taken this quiz